000 00577nam a2200169 4500
999 _c4245
_d4245
008 160901b xxu||||| |||| 00| 0 eng d
022 _a2094-8042
082 _aDPer 370.105 M72 Jan-Dec 2012 v. 60-61
100 _913931
_aMendoza, Delia S.
243 _a
245 _aBulag elementary school:
_bgrand slam best implementer of brigada eskwela/
_cDelia S. Mendoza.
260 _aPhilippines:
_bIn the Grade School, Inc.,
_c©2012.
300 _av61 n1, page 17;
_c28 cm.
500 _aThe Modern Teacher.
650 0 _913932
_aCommunity development
942 _2ddc
_cPER